| 000 | 00390nam a2200157Ia 4500 | ||
|---|---|---|---|
| 999 |
_c6067 _d6067 |
||
| 003 | OSt | ||
| 005 | 20191003115040.0 | ||
| 008 | 190906s9999||||xx |||||||||||||| ||und|| | ||
| 020 | _a978-0070695726 | ||
| 040 | _cmaju | ||
| 100 | _a Werther, William B., Jr. | ||
| 245 | 0 | _aHuman Resources And Personal Management | |
| 260 |
_aIndia _bAddision-Wesley _c2000 |
||
| 300 | _a637 | ||
| 942 |
_cBK _2ddc |
||